FFECTIVE LEADERSHIP : How To Create An Outstanding Organisation

Bibliographic Details
Main Author: Meyer, Henry R. Dr (Author)
Format: Book
Language:English
Published: Petaling Jaya : Golden Books Centre 2016
Subjects:

MARC

LEADER 00000cam a2200000 7i4500
001 0000028619
005 20191002.0
008 190926 my eng
020 |a 9789837206625 
040 |a INS   |b eng   |e rda 
090 0 0 |a HD57.7   |b 49 2016 
100 1 |a Meyer, Henry R.   |c Dr. ,   |e author 
245 1 0 |a FFECTIVE LEADERSHIP :   |b How To Create An Outstanding Organisation   |c Dr. Henry R. Meyer 
264 1 |a Petaling Jaya :   |b Golden Books Centre   |c 2016 
300 |a ix, 265 pages ;   |c 23 cm. 
336 |a text  |2 rdacontent 
337 |a unmediated  |2 rdamedia 
338 |a volume  |2 rdacarrier 
650 0 |a Leadership 
999 |a 1000003846   |b BOOK   |c Open Shelf   |e Default branch